Famous Fools Quiz Stats

 Plays Quiz Updated Feb 27, 2019

Score 0/14 Timer 09:00
0 Plays Today
Hint Guess % Correct
The first day of AprilYes, yes it is
89.4%
Iron PyriteFool's Gold
79.8%
To engage in casual, often promiscuous sexual actsFooling Around
53.5%
1997 Matthew Perry and Salma Hayek movieFools Rush In
52.7%
...are soon partedA fool and his money
34.8%
A wild goose chase or snipe huntFool's Errand
19.9%
Financial advisory services web siteMotley Fool
16%
Hint Guess % Correct
The paper size 8½ × 13½ inches (210 × 336 mm)Foolscap folio
10%
Quickest possible checkmate in the game of chessFool's mate
8.9%
1994 Paul Newman and Jessica Tandy movieNobody's Fool
7.2%
1985 Robert Altman movieFool for Love
5%
1988 George Michael songKissing a Fool
3.1%
To waste or squander time or moneyFool Away
2.4%
Original video animation series which follows Naota NandabaFooly Cooly
1.2%

You're not logged in!

Compare scores with friends on all Sporcle quizzes.
OR
Log In

Sporcle TV

Today on Sporcle TV


Watch our educational content, quiz creation guides, and fun videos on Sporcle TV.

Show Comments

Extras

Top Quizzes Today


Score Distribution

Your Account Isn't Verified!

In order to create a playlist on Sporcle, you need to verify the email address you used during registration. Go to your Sporcle Settings to finish the process.

Report this User

Report this user for behavior that violates our Community Guidelines.

Details: